000 02251cam a2200565 a 4500
001 21407
003 VRT
005 20260228144548.0
008 240226s1981 xo a br 000 j slo
015 _aSNBA1981/05
020 _q(viazané)
035 _aSNK000044514
035 _aE9F6B774-522A-4853-9D07-A4EA2C3C0AB1
035 _aurn:nbn:sk:snk-am00iiel
039 9 _a202402261919
_bVLOAD
_c202305011816
_dVLOAD
_c202304281416
_dVLOAD
_c202205031048
_dmsnk24
040 _aSNK
_bslo
_cSNK
_eAACR2
041 1 _aslo
_heng
044 _axo
_cSK
072 7 _a821.111-3
_xAnglická próza, anglicky písaná
_2konspekt
072 7 _a821-93
_xLiteratúra pre deti a mládež (beletria)
_2konspekt
080 _a820-3(087.5)
_21997
080 _a821.111-34
_22011
080 _a82-34:808.1
_22011
080 _a82-93-053.4/.5
_22011
100 1 _aMilne, A. A.
_q(Alan Alexander),
_d1882-1956
_4aut
245 1 0 _aMacko Puf
_cAlan Alexander Milne ; [z anglických originálov Winnie-the-Pooh a The House at Pooh Corner ... preložila Margita Príbusová ; ilustroval Ladislav Nesselman]
250 _a1. úplné vyd.
260 _aBratislava
_bMladé letá
_c1981
_eMartin
_fTlačiarne SNP
300 _a286 strán
_bfarebné islustrácie
_c21 cm
366 _e13000 výtl.
490 1 _aKlub mladých čitateľov
500 _aIlustrácia na frontispice
521 1 _aPre čitateľov od 6 rokov
655 7 _aanglické rozprávky
_2SNKPH
655 7 _aautorské rozprávky
_2SNKPH
655 7 _aliteratúra pre deti
_2SNKPH
700 1 2 _aMilne, A. A.
_q(Alan Alexander),
_d1882-1956
_tWinnie-the-Pooh
_lSlovensky
700 1 2 _aMilne, A. A.
_q(Alan Alexander),
_d1882-1956
_tThe House at Pooh Corner
_lSlovensky
700 1 _aPríbusová, Margita,
_d1919-1997
_4trl
700 1 _aNesselman, Ladislav,
_d1927-1987
_4ill
830 0 _aKlub mladých čitateľov
910 _asnk
942 _2ddc
_cKLDE
_n0
949 _617A0433832
_asnkSC 52313 D1
_bsnkKSP 3161/81
949 _64710702930
_91
_astrmkM
_bstrmk2008/2930
949 _64710702931
_91
_astrmkM
_bstrmk2008/2931
949 _6270001000219407
_asvkbbA 32302
_bsvkbbm 409604
949 _617A0853444
_asnkSC 52313
_bsnkKSP 3160/81
_s6100:20220603
999 _c21407
_d21407